000 00588pam a2200229 i 4500
001 830970
005 20180221070315.0
008 780418s1979 inu b 001 0 eng
010 _a 77009865
020 _a0253319293
040 _aDLC
_cDLC
_dDLC
041 _aeng
043 _ae-fr---
_ae-gx---
080 _a370.195 RIN
082 0 0 _a370.195 RIN
100 1 _a47
101 _aEDU
245 1 0 _aEducation and society in modern Europe /
_cFritz K. Ringer.
504 _aBibliography: p. 349-359.
906 _a7
_bcbc
_corignew
_d1
_eocip
_f19
_gy-gencatlg
942 _2ddc
_cBK
999 _c43039
_d43039